000 00320nam a22001097a 4500
082 _a327.1 BRZ'G
100 _aBRZEZINSKI, ZBIGNIEW
_937840
245 _aGAME PLANE , A GEOSTRATEGIC FRAMEWORK FOR THE CONDUCT OF THE U.S SOVIET CONTEST
260 _aRAWALPINDI
_bARMY EDUCATION PRESS
_c1986
300 _a288P
942 _cBK
999 _c573742
_d573742